150 Rappers From Memory - Statistics

General Stats
  • This quiz has been taken 29 times
  • The average score is 37 of 150
Answer Stats
Answer % Correct
Drake
81%
Eminem
81%
Kanye West
77%
Tupac
77%
Lil Wayne
73%
Jay- Z
69%
Kendrick Lamar
65%
50 Cent
58%
Dr. Dre
58%
Future
54%
Travis Scott
54%
Lil Uzi Vert
50%
Nicki MInaj
50%
Playboi Carti
50%
The Notorious B.I.G
50%
21 Savage
46%
Dababy
46%
Eazy E
46%
J Cole
46%
Lil Pump
46%
Snoop Dogg
46%
Cardi B
42%
Ice Cube
42%
Juice WRLD
42%
Lil Baby
42%
Lil Peep
42%
Nas
42%
A$AP Rocky
38%
Andre 3000
38%
Kodak Black
38%
Lil Tecca
38%
Offset
38%
Pop Smoke
38%
Wiz Khalifa
38%
XXXTentacion
38%
Young Thug
38%
6ix9ine
35%
Chief Keef
35%
Lil Durk
35%
Lil Kim
35%
Lil Yachty
35%
A$AP Ferg
31%
Central Cee
31%
LL Cool J
31%
Ms. Lauryn Hill
31%
NBA Youngboy
31%
NLE Choppa
31%
Quavo
31%
Takeoff
31%
Tyler, The Creator
31%
Yeat
31%
Baby Keem
27%
Diddy
27%
Don Toliver
27%
Gucci Mane
27%
Gunna
27%
King Von
27%
Roddy Richh
27%
RZA
27%
T.I
27%
Trippie Redd
27%
Big Boi
23%
Big Pun
23%
Busta Rhymes
23%
GZA
23%
Ice T
23%
Ludacris
23%
MC Ren
23%
Metro Boomin
23%
Nate Dogg
23%
Polo G
23%
Tyga
23%
Xzibit
23%
2 Chainz
19%
A Boogie Wit Da Hoodie
19%
Big L
19%
Big Sean
19%
DMX
19%
Ghostface Killah
19%
Ice Spice
19%
Ken Carson
19%
Method Man
19%
MF DOOM
19%
Missy Elliott
19%
Mos Def
19%
Pusha T
19%
Rick Ross
19%
Ski Mask The Slump God
19%
Ty Dolla $ign
19%
YNW Melly
19%
Chance The Rapper
15%
Destroy Lonely
15%
Fat Joe
15%
JID
15%
Kid Cudi
15%
LUCKI
15%
Macklemore
15%
Mac Miller
15%
Moneybagg Yo
15%
Q-Tip
15%
Queen Latifah
15%
Schoolboy Q
15%
Swae Lee
15%
Warren G
15%
Big Daddy Kane
12%
Common
12%
Denzel Curry
12%
Joey Bada$$
12%
Kyle
12%
Meek Mill
12%
NAV
12%
Rakim
12%
Redman
12%
Sheck Wes
12%
The Game
12%
Too $hort
12%
Westside Gunn
12%
Akon
8%
BigXThaPlug
8%
Childish Gambino
8%
Chuck D
8%
E-40
8%
Logic
8%
Lupe Fiasco
8%
Ol' Dirty Bastard
8%
Proof
8%
Raekwon
8%
Sexxy Red
8%
Tee Grizzley
8%
Veeze
8%
YG
8%
Yuno Miles
8%
B Real
4%
Fivio Foreign
4%
Flavor Flav
4%
Killer Mike
4%
Nemzzz
4%
Scarface
4%
Sen Dog
4%
Shaquille O'Neal
4%
Slick Rick
4%
Teezo Touchdown
4%
That Mexican OT
4%
Vince Staples
4%
Earl Sweatshirt
0%
KRS-One
0%
Loyle Carner
0%
Nardo Wick
0%
Skepta
0%
Tory Lanez
0%
No matching quizzes found
Score Distribution
Percent of People with Each Score
Percentile by Number Answered
Your Score History
You have not taken this quiz